000 00819nam a2200217 a 4500
008 070822s1994 ||||||||||||||||| || u
020 _a0821322125
050 _aIBRD(06)CMS/1994/3
100 _aWoo, Wing Thye
245 1 0 _aMacroeconomic policies, crises, and long term growth in Indonesia, 1965-90
260 _aWashington, D.C.
_bWorld Bank
_c1994
300 _axiii, 216p.:ill.
350 _a0.00
490 _aWorld Bank comparative macroeconomic studies
650 _aINDONESIA--ECONOMIC POLICY
650 _aINDONESIA--ECONOMIC CONDITIONS--1945-
700 _aNasution, Anwar
700 _aGlassburner, Bruce
710 _aWorld Bank
995 _D0.00
_FCBU-MAIN LIBRARY (Kitwe)
_H1
_I0.00
_M1
_UAVAILABLE
_WAug 22, 2007
_ZInternational Publications
999 _c49618
_d49618